Papers on industrial psychology: A symposium (Record no. 1351000)

MARC details
000 -LEADER
fixed length control field 00485nam a2200169Ia 4500
005 - DATE AND TIME OF LATEST TRANSACTION
control field 20250508154559.0
008 - FIXED-LENGTH DATA ELEMENTS--GENERAL INFORMATION
fixed length control field 008 250505s9999 xx 000 0 eng d
037 ## - SOURCE OF ACQUISITION
Stock number Textual
040 ## - CATALOGING SOURCE
Original cataloging agency FEDL
Language of cataloging eng
Transcribing agency FEDL
041 ## - LANGUAGE CODE
Language code of text/sound track or separate title eng
Source of code eng
084 ## - COLON CLASSIFICATION NUMBER
Classification number 658.3, BOA
Assigning agency FEDL
100 ## - MAIN ENTRY--PERSONAL NAME
Personal name Boaz G D Ed.
9 (RLIN) 765676
245 #0 - TITLE STATEMENT
Title Papers on industrial psychology: A symposium
260 ## - PUBLICATION, DISTRIBUTION, ETC.
Place of publication, distribution, etc. Delhi, India
Name of publisher, distributor, etc. University Publishers
942 ## - ADDED ENTRY ELEMENTS (KOHA)
Koha item type Textual
Classification part 658.3, BOA
Holdings
Withdrawn status Lost status Damaged status Not for loan Home library Current library Date acquired Total Checkouts Full call number Barcode Date last seen Price effective from Koha item type
        Department of Education Library Department of Education Library 2025-05-08   658.3, BOA EL0035085 2025-05-08 2025-05-08 Textual
Copyright @ Delhi University Library System